Prestavba kvality so zreteľom na normu FDIS ISO 9001:2000 v Tatravagónke, a.s., Poprad : Diplomová práca

Gespeichert in:
Bibliographische Detailangaben
1. Verfasser: Dubjelová, Jana (xxx)
Weitere Verfasser: Linczényi, Alexander, 1932- (xxx)
Format: Manuskript Buch
Sprache:Slowakisch
Veröffentlicht: Trnava : STU v Bratislave MtF KMK, 2001
Schlagworte:
Tags: Tag hinzufügen
Keine Tags, Fügen Sie das erste Tag hinzu!

MARC

LEADER 00000ntm a22000003a 4500
001 stu85133
005 20160719154852.6
008 040323s2001----xo------------------slo-d
040 |a STU  |b slo 
041 0 |a slo 
044 |a xo 
100 1 |a Dubjelová, Jana  |4 xxx 
245 1 |a Prestavba kvality so zreteľom na normu FDIS ISO 9001:2000 v Tatravagónke, a.s., Poprad :  |b Diplomová práca 
260 |a Trnava :  |b STU v Bratislave MtF KMK,  |c 2001 
300 |a 95 s 
650 7 |a inžinierstvo kvality produkcie  |2 stusub 
700 1 |a Linczényi, Alexander,  |d 1932-  |4 xxx  |u M300  |U MTF Ústav priemyselného inžinierstva a manažmentu  |T MTF Katedra inžinierstva kvality  |X 3055  |U M300  |Y M300  |7 A000003055